'Tis : a memoir /

Saved in:
Bibliografiske detaljer
Hovedforfatter: McCourt, Frank
Format: Bog
Sprog:engelsk
Udgivet: London : Flamingo, 2000
Tags: Tilføj Tag
Ingen Tags, Vær først til at tagge denne postø!

MARC

LEADER 00000nam a22000007i 4500
001 IT\ICCU\VIA\0168188
003 ItRI
005 20251001213641.0
008 081112s2000 xxk|||||| ||||| |||||c
020 |a 0006552412 
020 |a 9780006552413 
040 |b ita  |c ct 
041 7 |a eng  |2 ISO-639-2 
100 1 |a McCourt, Frank  |0 IT\ICCU\RAVV\102028 
240 1 0 |a ʼTis.  |9 McCourt, Frank 
245 1 0 |a 'Tis :  |b a memoir /  |c Frank McCourt. 
260 |a London :  |b Flamingo,  |c 2000 
300 |a 495 p. ;  |c 18 cm. 
942 |2 ddc  |c BK 
952 |0 0  |1 0  |2 ddc  |4 0  |6 B_LNR01MCCFRTIS11  |7 0  |9 7667  |a MI  |b MI  |d 2012-02-29  |i 6098  |l 0  |o B-LNR01-MCCFR-TIS11  |p CDOM6098  |r 2025-07-13 16:28:00  |w 2025-07-13  |x DONO  |y BK 
999 |c 6347  |d 6347